000 00817cam a22002893a 4500
001 21517
003 PGUSA
005 20140828083446.0
008 070522s2007||||xxu|||||s|||||000 1 eng d
040 _aPGUSA
_beng
042 _adc
050 4 _aPR
100 1 _aGrossmith, Weedon,
_d1852-1919
245 1 4 _aThe Diary of a Nobody
_h[electronic resource] /
_cWeedon Grossmith
260 _bProject Gutenberg,
_c2007
506 _aPublic domain in the USA.
516 _aElectronic text
653 _aDiary fiction
653 _aHumorous stories
653 _aMen -- England -- Fiction
653 _aSuburban life -- Fiction
653 _aMiddle class -- Fiction
653 _aEngland -- Fiction
830 0 _aProject Gutenberg
_v21517
856 4 0 _uhttp://www.gutenberg.org/ebooks/21517
942 _cEB
999 _c250772
_d250772